000 00904nam a2200253Ia 4500
003 OSt
005 20221005112159.0
006 a|||||r|||| 00| 0
007 ta
008 221004b |||||||| |||| 00| 0 pan d
020 _a8176012491 (hbk)
_cIndian Rupees 200
024 _a33753
037 _bGift, 27/09/2017,
_cTextual
040 _aCRL
_cCRL
_bpan
041 _2pan
_apan
082 _aQ8441v, 153Q2
100 _aਅFੋਕ, FਮFੇਰ ਸਿੰਘ, ਂਚ.
245 0 _aਮਗ਼੍ਹਬੀ ਸਿੱਖਾਂ ਦਾ ਇਤਿਹਾਸ
260 _aਅੰਮ੍ਰਿਤਸਰ
_bਚਤਰ ਸਿੰਘ ਜੀਵਨ ਸਿੰਘ ਭਾਰਤ
_c2012
300 _a208ਪ੍ਰ0
_ccm.
650 _aਸਿੱਖ ਧਰਮ
_9156314
942 _hQ8441v, 153Q2
_cTEXL
_2cc
999 _c1024091
_d1024091